000 00655nam a2200181 i 4500
001 61462
003 ES-MaACL
005 20251015063102.0
007 t|
008 031112s1976 sp ||||1| cat d
100 1 _aFabre, Jaume,
_d1948-
_948537
245 1 0 _aTots els barris de Barcelona
_b: II. Els barris que foren independents, 1: Sant Martí de Ponvençals, Sants, La Bordeta, Hostafrancs /
_cJaume Fabre i Josep M. Huertas.
260 _a[Barcelona] :
_bEdicions 62,
_c[1976]
300 _a234 p. :
_bil. ;
_c19 cm.
700 1 _aHuertas, Josep M.,
_d1939-2007
_9150042
852 _aES-MaACL
_jA-5698
_bR.94584
999 _c61462
_d61462